Krematorium matahari (Record no. 109984)

MARC details
000 -LEADER
fixed length control field 00626nam a2200229 i 4500
001 - CONTROL NUMBER
control field C2-0307211
003 - CONTROL NUMBER IDENTIFIER
control field PPAK
005 - DATE AND TIME OF LATEST TRANSACTION
control field 20180728093851.0
008 - FIXED-LENGTH DATA ELEMENTS--GENERAL INFORMATION
fixed length control field 110113s1986 io |||| ||||| | may d
040 ## - CATALOGING SOURCE
Original cataloging agency PPAK
Language of cataloging eng
Transcribing agency PPAK
Description conventions rda
082 04 - DEWEY DECIMAL CLASSIFICATION NUMBER
Classification number 899.2211
Edition number 23
090 00 - LOCALLY ASSIGNED LC-TYPE CALL NUMBER (OCLC); LOCAL CALL NUMBER (RLIN)
Classification number (OCLC) (R) ; Classification number, CALL (RLIN) (NR) 899.2211
Feature heading MAU
Feature heading KIH
100 0# - MAIN ENTRY--PERSONAL NAME
Personal name Sani Farid,
Titles and words associated with a name Maulana
Relator term author
245 10 - TITLE STATEMENT
Title Krematorium matahari
264 #1 - PRODUCTION, PUBLICATION, DISTRIBUTION, MANUFACTURE, AND COPYRIGHT NOTICE
Place of production, publication, distribution, manufacture Bandong, Indonesia :
Name of producer, publisher, distributor, manufacturer Kelompok Sepuluh ,
Date of production, publication, distribution, manufacture, or copyright notice 1986
300 ## - PHYSICAL DESCRIPTION
Extent 34 pages ;
Dimensions 18 cm
336 ## - CONTENT TYPE
Source rdacontent
Content type term text
337 ## - MEDIA TYPE
Source rdamedia
Media type term unmediated
338 ## - CARRIER TYPE
Source rdacarrier
Carrier type term volume
650 10 - SUBJECT ADDED ENTRY--TOPICAL TERM
Topical term or geographic name entry element Indonesian poetry
942 ## - ADDED ENTRY ELEMENTS (KOHA)
-- dc
Koha item type Book
Holdings
Withdrawn Not for loan Current library Shelving location Date acquired Total Checkouts Full call number Barcode Date last seen Koha item type
  Not For Loan Perpustakaan Alor Setar Koleksi Ismail Hussein 23/03/2011   KIH 899.2211 MAU A00176087 09/05/2018 Book
  Not For Loan Perpustakaan Alor Setar Koleksi Ismail Hussein 23/03/2011   KIH 899.2211 MAU A00176086 09/05/2018 Book
  Not For Loan Perpustakaan Alor Setar Koleksi Ismail Hussein 13/01/2011   KIH 899.2211 MAU A00175775 09/05/2018 Book
  Not For Loan Perpustakaan Alor Setar Koleksi Ismail Hussein 13/01/2011   KIH 899.2211 MAU A00176089 09/05/2018 Book
  Not For Loan Perpustakaan Alor Setar Koleksi Ismail Hussein 13/03/2024   KIH 899.2211 MAU A00175640 13/03/2024 Book
  Not For Loan Perpustakaan Alor Setar Koleksi Ismail Hussein 13/03/2024   KIH 899.2211 MAU A00176088 13/03/2024 Book